| 000 | 00324nam a22001217a 4500 | ||
|---|---|---|---|
| 082 |
_a001 _bPRA _cN-01, P-47 |
||
| 100 |
_aPrakash ,Ved. _936427 |
||
| 245 |
_aEnrich your general part -3 _cPrakash ,Ved. |
||
| 260 |
_aIndia _bDreamland _c1997 |
||
| 300 | _a47 p. | ||
| 526 |
_a0 _b0 _c0 _d001_000000000000000_PRA |
||
| 942 |
_2ddc _cBK |
||
| 999 |
_c541490 _d541490 |
||